| 000 | 00424nam a2200181Ia 4500 | ||
|---|---|---|---|
| 001 | 23910 | ||
| 005 | 20260414151008.0 | ||
| 008 | 260414t1951||||xx |||||||||||||| ||spa|| | ||
| 041 | _aESP | ||
| 082 |
_a720.981 _bP25 |
||
| 100 |
_aPapadaki, Stamo, _eAUT |
||
| 245 | 4 |
_aThe work of Oscar Niemeyer _b |
|
| 260 | _c1951 | ||
| 300 |
_a228 páginas : _c22 cm. |
||
| 650 | _aABD | ||
| 654 | _aCAU | ||
| 942 |
_cLIB _dJUS _fJUS _2ddc _n |
||
| 999 |
_c23910 _d23910 |
||